Paris-guide : par les principaux ecrivains et artistes de la France
Αποθηκεύτηκε σε:
| Μορφή: | Βιβλίο |
|---|---|
| Γλώσσα: | French |
| Δημοσίευση: |
Paris :
La Decouverte/Maspero,
1983
|
| Σειρά: | Decouverte illustree
|
| Θέματα: | |
| Ετικέτες: |
Προσθήκη ετικέτας
Δεν υπάρχουν, Καταχωρήστε ετικέτα πρώτοι!
|
MARC
| LEADER | 00000cam a2200000 i 4500 | ||
|---|---|---|---|
| 001 | 1/9345 | ||
| 008 | 970210s1983 fre d | ||
| 020 | |a 2-7071-1416-2 | ||
| 035 | |l 10017437 | ||
| 040 | |a GR-MY-UA |b gre |e aacr | ||
| 041 | 0 | |a fre | |
| 082 | 0 | |a 944.36 | |
| 245 | 1 | 0 | |a Paris-guide : |b par les principaux ecrivains et artistes de la France / |c Edmond About ... [et al.] ; Introduction et choix de textes de Corinne Verdet |
| 260 | |a Paris : |b La Decouverte/Maspero, |c 1983 | ||
| 300 | |a 243 p.; |b ill.; |c 22 cm | ||
| 490 | 1 | |a Decouverte illustree | |
| 504 | |a Includes bibliographical references | ||
| 651 | 0 | |a Paris (France) |x Description and travel. | |
| 830 | 0 | |a Decouverte illustree | |
| 852 | |a INST |b LESVOS |e 19970210 |h 944.36 PAR |p 005100008415 |q 005100008415 |t BK |y 0 | ||
| 909 | |a Λ |b 020881 | ||